Commented translation of a specialised text from the English language into the Slovak language: Negotiation strategies in modern families bakalárska práca

Guardado en:
Detalles Bibliográficos
Autor principal: Urminská, Dominika
Autor Corporativo: Fakulta aplikovaných jazykov EU v Bratislave. Katedra jazykovedy a translatológie
Otros Autores: Štefčík, Jozef, 1976-
Formato: Libro
Lenguaje:inglés
Publicado: Bratislava 2018
Etiquetas: Agregar Etiqueta
Sin Etiquetas, Sea el primero en etiquetar este registro!

MARC

LEADER 00000nbm a2200000 4500
001 0244005
005 20181011093011.8
041 0 |a eng 
044 |a SK 
245 1 0 |a Commented translation of a specialised text from the English language into the Slovak language: Negotiation strategies in modern families  |b bakalárska práca  |c Dominika Urminská ; školiteľ: Jozef Štefčík 
264 1 |a Bratislava  |c 2018 
300 |a 58 s. 
100 1 |a Urminská, Dominika 
700 1 |a Štefčík, Jozef, 1976- 
710 2 |a Fakulta aplikovaných jazykov EU v Bratislave. Katedra jazykovedy a translatológie